Engineering chemistry (Record no. 56011)
[ view plain ]
| 000 -LEADER | |
|---|---|
| fixed length control field | 00390nam a22001577a 4500 |
| 003 - CONTROL NUMBER IDENTIFIER | |
| control field | OSt |
| 005 - DATE AND TIME OF LATEST TRANSACTION | |
| control field | 20240625111838.0 |
| 008 - FIXED-LENGTH DATA ELEMENTS--GENERAL INFORMATION | |
| fixed length control field | 221114b xxu||||| |||| 00| 0 eng d |
| 020 ## - INTERNATIONAL STANDARD BOOK NUMBER | |
| International Standard Book Number | 9789389181012 |
| 040 ## - CATALOGING SOURCE | |
| Transcribing agency | IIMT ENGINEERING COLLEGE |
| 100 ## - MAIN ENTRY--PERSONAL NAME | |
| Personal name | Agarwal R.K |
| 245 ## - TITLE STATEMENT | |
| Title | Engineering chemistry |
| 260 ## - PUBLICATION, DISTRIBUTION, ETC. | |
| Place of publication, distribution, etc. | New age pub |
| Name of publisher, distributor, etc. | Arista pub |
| Date of publication, distribution, etc. | 11/11/22 |
| 300 ## - PHYSICAL DESCRIPTION | |
| Extent | 356 |
| 942 ## - ADDED ENTRY ELEMENTS (KOHA) | |
| Source of classification or shelving scheme | |
| Koha item type | Book Bank |
| Edition | 2022 |
| Withdrawn status | Lost status | Source of classification or shelving scheme | Damaged status | Not for loan | Home library | Current library | Date acquired | Source of acquisition | Cost, normal purchase price | Inventory number | Barcode | Date last seen | Uniform Resource Identifier | Price effective from | Koha item type | Total Checkouts | Date last checked out |
|---|---|---|---|---|---|---|---|---|---|---|---|---|---|---|---|---|---|
| IIMT Engineering College-BTech | IIMT Engineering College-BTech | 11/14/2022 | 2022-11-14 | 395.00 | HO/IN/105 11/11/22 | 06-B-65455 | 11/14/2022 | APPLIED SCIENCE | 11/14/2022 | Book Bank | |||||||
| IIMT Engineering College-BTech | IIMT Engineering College-BTech | 11/14/2022 | 2022-11-14 | 395.00 | HO/IN/105 11/11/22 | 06-B-65456 | 12/11/2025 | APPLIED SCIENCE | 11/14/2022 | Book Bank | 1 | 12/09/2025 | |||||
| IIMT Engineering College-BTech | IIMT Engineering College-BTech | 11/14/2022 | 2022-11-14 | 395.00 | HO/IN/105 11/11/22 | 06-B-65457 | 12/30/2025 | APPLIED SCIENCE | 11/14/2022 | Book Bank | 1 | 12/20/2025 | |||||
| IIMT Engineering College-BTech | IIMT Engineering College-BTech | 11/14/2022 | 2022-11-14 | 395.00 | HO/IN/105 11/11/22 | 06-B-65458 | 01/21/2026 | APPLIED SCIENCE | 11/14/2022 | Book Bank | 5 | 10/27/2025 |

